The noble scholar, jurist, historian


 His Excellency Dr. Abdul Wahhab bin Ibrahim Abu Sulaiman, may Allah have mercy on him.


 He was born in Umm Al-Qura in the year 1356 AH.

شرح العيني على كنز الدقائق، المسمى، رمز الحقائق / (Record no. 2196)

MARC details
000 -LEADER
fixed length control field 01152cam a2200277 i 4500
003 - CONTROL NUMBER IDENTIFIER
control field SA-RiAUC
005 - DATE AND TIME OF LATEST TRANSACTION
control field 20241109094035.0
008 - FIXED-LENGTH DATA ELEMENTS--GENERAL INFORMATION
fixed length control field 241109s2004 pk g 000 0 ara c
040 ## - CATALOGING SOURCE
Original cataloging agency SA-MaUQU
Language of cataloging ara
Transcribing agency SA-RiAUC
Description conventions rda
082 04 - DEWEY DECIMAL CLASSIFICATION NUMBER
Classification number 258.1
090 ## - LOCALLY ASSIGNED LC-TYPE CALL NUMBER (OCLC); LOCAL CALL NUMBER (RLIN)
Classification number (OCLC) (R) ; Classification number, CALL (RLIN) (NR) 258.1
Local cutter number (OCLC) ; Book number/undivided call number, CALL (RLIN) ب د ر
100 1# - MAIN ENTRY--PERSONAL NAME
Personal name بدر الدين العيني، محمود بن أحمد بن موسى،
Dates associated with a name 762-855 هجري
Relator term مؤلف.
245 10 - TITLE STATEMENT
Title شرح العيني على كنز الدقائق، المسمى، رمز الحقائق /
Statement of responsibility, etc. تأليف بدر الدين أبي محمد محمود بن أحمد العيني
246 33 - VARYING FORM OF TITLE
Title proper/short title رمز الحقائق
250 ## - EDITION STATEMENT
Edition statement الطبعة الأولى.
264 #1 - PRODUCTION, PUBLICATION, DISTRIBUTION, MANUFACTURE, AND COPYRIGHT NOTICE
Place of production, publication, distribution, manufacture إسلام آباد :
Name of producer, publisher, distributor, manufacturer إدارة القرآن والعلوم الإسلامية،
Date of production, publication, distribution, manufacture, or copyright notice 2004
300 ## - PHYSICAL DESCRIPTION
Extent 2 مجلد ؛
Dimensions 24 سم
336 ## - CONTENT TYPE
Content type term نص
Content type code txt
Source rdacontent
Materials specified كتاب
337 ## - MEDIA TYPE
Media type term بدون وسيط
Media type code n
Source rdamedia
338 ## - CARRIER TYPE
Carrier type term مجلد
Carrier type code nc
Source rdacarrier
650 #7 - SUBJECT ADDED ENTRY--TOPICAL TERM
Topical term or geographic name entry element الفقه الحنفي
Source of heading or term aucsh
650 #7 - SUBJECT ADDED ENTRY--TOPICAL TERM
Topical term or geographic name entry element الفقه الإسلامي
General subdivision مذاهب
Source of heading or term aucsh
740 02 - ADDED ENTRY--UNCONTROLLED RELATED/ANALYTICAL TITLE
Uncontrolled related/analytical title كنز الدقائق.
942 ## - ADDED ENTRY ELEMENTS (KOHA)
Source of classification or shelving scheme Dewey Decimal Classification
Koha item type Books
949 ## - LOCAL PROCESSING INFORMATION (OCLC)
a SA-JeALM
d 241109
u khaled123
n 1
Holdings
Withdrawn status Lost status Source of classification or shelving scheme Materials specified (bound volume or other part) Damaged status Not for loan Home library Current library Date acquired Total checkouts Full call number Barcode Date last seen Price effective from Koha item type
    Dewey Decimal Classification المجلد الاول     DR AbdElwahab Library DR AbdElwahab Library 11/09/2024   258.1 ب د ر 000003483 11/09/2024 11/09/2024 Books
    Dewey Decimal Classification المجلد الثاني     DR AbdElwahab Library DR AbdElwahab Library 11/09/2024   258.1 ب د ر 000003484 11/09/2024 11/09/2024 Books